Random Groups of Bordering Countries On a Map - Statistics

General Stats
  • This quiz has been taken 819 times
  • The average score is 23 of 24
Answers on the Map
Answers color-coded by a green-red scale on the quiz's map according to % correct below.
 
Answer Stats
Answer % Correct
Algeria
100%
Argentina
100%
Austria
100%
Bolivia
100%
Bosnia and Herzegovina
100%
Brazil
100%
Brazil
100%
Canada
100%
Chad
100%
Chile
100%
China
100%
Colombia
100%
Colombia
100%
Croatia
100%
Czech Republic
100%
Ecuador
100%
Egypt
100%
Estonia
100%
Guyana
100%
India
100%
India
100%
Italy
100%
Kazakhstan
100%
Laos
100%
Libya
100%
Mexico
100%
Moldova
100%
Morocco
100%
Morocco
100%
Nepal
100%
Paraguay
100%
Paraguay
100%
Peru
100%
Romania
100%
Russia
100%
Slovakia
100%
Slovenia
100%
Suriname
100%
Suriname
100%
Thailand
100%
Tunisia
100%
Ukraine
100%
United States
100%
Uruguay
100%
Vietnam
100%
Chad
98%
China
98%
Guatemala
98%
Guyana
98%
India
98%
Iran
98%
Libya
98%
Venezuela
98%
Algeria
97%
Belarus
97%
China
97%
Ethiopia
97%
France
97%
Honduras
97%
Hungary
97%
Indonesia
97%
Kazakhstan
97%
Laos
97%
Latvia
97%
Libya
97%
Lithuania
97%
Mali
97%
Mongolia
97%
Nicaragua
97%
Niger
97%
Panama
97%
Portugal
97%
Russia
97%
Saudi Arabia
97%
Saudi Arabia
97%
Spain
97%
Thailand
97%
United Arab Emirates
97%
Venezuela
97%
Vietnam
97%
Yemen
97%
Bosnia and Herzegovina
96%
China
96%
France
96%
Iran
96%
Myanmar
96%
Nepal
96%
North Korea
96%
Russia
96%
South Korea
96%
Tajikistan
96%
Uzbekistan
96%
Venezuela
96%
Afghanistan
95%
Afghanistan
95%
Austria
95%
Egypt
95%
Germany
95%
Iran
95%
Kyrgyzstan
95%
Nepal
95%
Netherlands
95%
Pakistan
95%
Pakistan
95%
South Africa
95%
Sudan
95%
Switzerland
95%
Tajikistan
95%
Uzbekistan
95%
Albania
94%
Austria
94%
Belarus
94%
Belguim
94%
Bhutan
94%
Bulgaria
94%
Bulgaria
94%
Cambodia
94%
Costa Rica
94%
Djibouti
94%
Finland
94%
Hungary
94%
Iraq
94%
Iraq
94%
Kazakhstan
94%
Kosovo
94%
Kyrgyzstan
94%
Lithuania
94%
Mauritania
94%
North Macedonia
94%
Norway
94%
Oman
94%
Poland
94%
Poland
94%
Qatar
94%
Russia
94%
Senegal
94%
Serbia
94%
South Sudan
94%
Sweden
94%
Ukraine
94%
Uruguay
94%
Bangladesh
93%
Chad
93%
Democratic Republic of the Congo
93%
Honduras
93%
Hungary
93%
Iraq
93%
Ivory Coast
93%
Jordan
93%
Kosovo
93%
Mozambique
93%
Pakistan
93%
Serbia
93%
Turkey
93%
Turkmenistan
93%
Turkmenistan
93%
Zimbabwe
93%
Belguim
92%
Czech Republic
92%
Germany
92%
Guatemala
92%
Malawi
92%
Mozambique
92%
Slovenia
92%
Tanzania
92%
Turkmenistan
92%
Azerbaijan
91%
Bhutan
91%
Chad
91%
Eritrea
91%
Georgia
91%
Greece
91%
Israel
91%
Lebanon
91%
Malaysia
91%
Niger
91%
Nigeria
91%
North Macedonia
91%
Papua New Guinea
91%
South Sudan
91%
Sudan
91%
Syria
91%
Thailand
91%
Armenia
90%
El Salvador
90%
Georgia
90%
Lesotho
90%
Syria
90%
Zambia
90%
Cameroon
89%
Kuwait
89%
Lebanon
89%
Luxembourg
89%
Montenegro
89%
Republic of the Congo
89%
Uzbekistan
89%
Uzbekistan
89%
Zambia
89%
Angola
88%
Belize
88%
Botswana
88%
Democratic Republic of the Congo
88%
Jordan
88%
Namibia
88%
Zambia
88%
Zambia
88%
Azerbaijan
87%
Kuwait
87%
Angola
86%
Armenia
86%
Jordan
86%
Kyrgyzstan
86%
Belguim
85%
Liberia
85%
Uganda
85%
Ethiopia
83%
Israel
83%
Kenya
83%
Lebanon
83%
Malawi
83%
Syria
83%
Burundi
82%
Central African Republic
82%
Rwanda
82%
Eswatini
81%
Guinea
81%
Sierra Leone
81%
Switzerland
81%
Somalia
80%
Botswana
79%
Cameroon
79%
Luxembourg
77%
Gambia
75%
Guinea
75%
Republic of the Congo
75%
Senegal
75%
Djibouti
73%
Equatorial Guinea
71%
Gabon
71%
Guinea-Bissau
64%
No matching quizzes found
Score Distribution
Percent of People with Each Score
Percentile by Number Answered
Your Score History
You have not taken this quiz